000
00178nam a2200085 4500
001
1241607
005
20251013115806.0
245
_a
BABAYA MEKTUP
_c
FRANZ KAFKA
260
_b
YEDİVEREN
999
_c
1241607
_d
1241607